The nature of demand for small premises (Record no. 5440)

MARC details
000 -LEADER
fixed length control field 01412cab a2200229 4500
001 - CONTROL NUMBER
control field ABS38111
008 - FIXED-LENGTH DATA ELEMENTS--GENERAL INFORMATION
fixed length control field 090401t1987 xxu||||| |||| 00| 0 eng d
035 ## - SYSTEM CONTROL NUMBER
System control number (Sirsi) u8777
041 ## - LANGUAGE CODE
Language code of text/sound track or separate title eng
100 ## - MAIN ENTRY--PERSONAL NAME
Personal name Adams, D.
245 #4 - TITLE STATEMENT
Title The nature of demand for small premises
260 ## - PUBLICATION, DISTRIBUTION, ETC.
Date of publication, distribution, etc. 1987
350 ## - PRICE (NR) (BK AM CF MU VM SE) [OBSOLETE]
Price 0
490 ## - SERIES STATEMENT
Series statement Estates Gazette
Volume/sequential designation 283(6345) 1 August 1987, 533-535((3)
520 ## - SUMMARY, ETC.
Summary, etc. Describes how the shortage of small industrial premises during the late 1970s was met in part by the Government`s Small Workshops Scheme introduced in 1980. This was not totally successful; the Government`s continuing emphasis on promotion of small firms will therefore need corresponding research into their needs to be successful. An example is given of research undertaken at Manchester University where interviews were conducted with 77 small companies in the Greater Manchester region. Details are given of the findings in respect of location, floorspace, tenure preferences, rents, premises and common services. Concludes that the nature of demand for small industrial units is highly specialised and future assistance should be targeted towards providing basic modern accommodation in the middle range of the market. Tables.
650 ## - SUBJECT ADDED ENTRY--TOPICAL TERM
Topical term or geographic name entry element INDUSTRIAL PROPERTY
650 ## - SUBJECT ADDED ENTRY--TOPICAL TERM
Topical term or geographic name entry element SMALL BUSINESSES
650 ## - SUBJECT ADDED ENTRY--TOPICAL TERM
Topical term or geographic name entry element TENANTS REQUIREMENTS
690 ## - LOCAL SUBJECT ADDED ENTRY--TOPICAL TERM (OCLC, RLIN)
Topical term or geographic name as entry element PROPERTY-COMMERCIAL PROPERTY
942 ## - ADDED ENTRY ELEMENTS (KOHA)
Suppress in OPAC 0
948 ## - LOCAL PROCESSING INFORMATION (OCLC); SERIES PART DESIGNATOR (RLIN)
c (OCLC) 04/03/1997
Holdings
Withdrawn status Lost status Source of classification or shelving scheme Damaged status Not for loan Home library Current library Shelving location Date acquired Total Checkouts Full call number Barcode Date last seen Copy number Price effective from Koha item type
    Dewey Decimal Classification     London London Journal article 14/09/1999   ABS38111 8777-1001 06/08/2019 1 06/08/2019 Journal article